Cultura y desarrollo /

Збережено в:
Бібліографічні деталі
Автор: Cuevas Molina, Rafael
Формат: Текст
Предмети:
Теги: Додати тег
Немає тегів, Будьте першим, хто поставить тег для цього запису!

MARC

LEADER 00000 a a2200000 04500
001 18539
003
040
100 |a Cuevas Molina, Rafael  
245 |a Cultura y desarrollo /  |c Rafael Cuevas Molina 
650 |a CULTURA  
650 |a DESARROLLO ECONOMICO Y SOCIAL  
650 |a PLURALISMO CULTURAL  
650 |a GLOBALIZACION  
650 |a DESARROLLO SOSTENIBLE  
650 |a PROGRAMA DE ESTUDIOS  
773 |g número 32; páginas 83-100  
999 |c 19708  |d 19708